Harry Potter Family Quiz - Statistics

General Stats
  • This quiz has been taken 104 times
  • The average score is 45 of 48
Answer Stats
Question Tile Select % Correct
Potter Juan No
100%
Potter Minerva No
100%
Potter Peter No
100%
Potter Ron No
100%
Potter Thomas No
100%
Potter Wilson No
100%
Potter Harold No
99%
Potter Harry Yes
99%
Potter Hermione No
99%
Potter Jackson No
99%
Potter Mary Jean No
99%
Potter James Yes
97%
Potter Luna No
97%
Weasly Amos No
96%
Longbottom Amos No
96%
Longbottom Barat No
96%
Weasly Bob No
96%
Longbottom Bob No
96%
Longbottom Chuck No
96%
Weasly Draco No
96%
Weasly Fred Yes
96%
Weasly Gary No
96%
Longbottom Merlin No
96%
Longbottom Neil No
96%
Longbottom Noah No
96%
Weasly Vernon No
96%
Longbottom Arthur No
95%
Longbottom Dippet No
95%
Weasly George Yes
95%
Weasly James No
95%
Longbottom Jannette No
95%
Longbottom Louis No
95%
Longbottom Neville Yes
95%
Longbottom Nolan No
95%
Weasly Ron Yes
95%
Weasly Ginny Yes
94%
Longbottom Miley No
94%
Weasly Arthur Yes
92%
Potter Lily Yes
92%
Weasly Charlie Yes
91%
Weasly Bill Yes
90%
Potter James Sirius Yes
90%
Weasly Fred 2 Yes
87%
Longbottom Alice Yes
86%
Longbottom Frank Yes
86%
Potter Albus Severus Yes
82%
Weasly George 2 No
77%
Weasly Lily Molly Yes
34%
No matching quizzes found
Score Distribution
Percent of People with Each Score
Percentile by Number Answered
Your Score History
You have not taken this quiz